Studie 5/1989. Nové směry rozvoje palivoenergetického komplexu /

Saved in:
Bibliographic Details
Main Author: Bohal, Ladislav (Author)
Format: Book
Language:Czech
Published: Praha : ÚJS JP, 1989
Tags: Add Tag
No Tags, Be the first to tag this record!

MARC

LEADER 00000nam a22000003a 4500
001 stu230
005 20150617225621.7
008 910429s1989----cs------------------cze-d
040 |a STU  |b slo 
041 0 |a cze 
044 |a cs 
080 |a 620.9 
080 |a 662.6/.9 
100 1 |a Bohal, Ladislav  |4 aut 
245 1 |a Studie 5/1989. Nové směry rozvoje palivoenergetického komplexu /  |c [aut.] Bohal,Ladislav 
260 |a Praha :  |b ÚJS JP,  |c 1989 
300 |a 71 s 
996 |b E74227  |c E*74227  |l EE15  |s P  |a 0  |w stu230_0001